Proof techniques in graph theory : proceedings of the second Ann Arbor Graph Theory Conference, February 1968 /
Guardado en:
| Autor Corporativo: | |
|---|---|
| Otros Autores: | |
| Formato: | Libro |
| Idioma: | English |
| Publicado: |
New York :
Academic Press,
1969.
|
| Etiquetas: |
Agregar Etiqueta
Sin Etiquetas, Sea el primero en etiquetar este registro!
|
| LEADER | 00833nam a22001935 4500 | ||
|---|---|---|---|
| 001 | MAT.inmabb002030 | ||
| 008 | 691103s1969####nyua#####b####100#0#eng#d | ||
| 005 | 20160317172937.0 | ||
| 245 | 1 | 0 | |a Proof techniques in graph theory : |b proceedings of the second Ann Arbor Graph Theory Conference, February 1968 / |c edited by Frank Harary ; contributors, Lowell W. Beineke ... [et al.]. |
| 260 | |a New York : |b Academic Press, |c 1969. | ||
| 300 | |a xv, 330 p. : |b il. ; |c 25 cm. | ||
| 504 | |a "Key-word indexed bibliography of graph theory [by] James Turner": p. 189-330. | ||
| 504 | |a Incluye referencias bibliográficas. | ||
| 510 | 4 | |a MR, |c 40 #4162 | |
| 111 | 2 | |a Ann Arbor Graph Theory Conference |n (2ª : |d 1968) | |
| 700 | 1 | |a Harary, Frank. |4 edt | |
| 084 | |a 05Cxx (05-06) |2 msc2000 | ||
| 010 | |a 69018333 | ||
| 859 | |h 05 |i An613-2 |p A-3681 |b BIB. MATEMATICA | ||
